| 000 | 01444cam a22002174a 4500 | ||
|---|---|---|---|
| 005 | 20250605163942.0 | ||
| 008 | 250528s ||||||||||||||||||||||||d | ||
| 035 | _a15056 | ||
| 020 | _a70375895 | ||
| 040 |
_aGR-AtMCL _bgre _dGR-AtMCL _eAACR2 |
||
| 245 | 1 | _aSchaum's Theory and Problems Principles of Accounting II / Fourth Edition | |
| 250 | _a4th | ||
| 260 |
_bSchaum'S Outline Series, _c1989 |
||
| 300 | _a306 | ||
| 520 | _aCovers all course fundamentals and supplements any class text - Teaches effective problem-solving techniques - 409 solved problems with complete solutions - Also contains review questions and sample examinations. Partnership: Formation, Partnerships: Admission and Dissolution, The Corporation: Organization, The Corporation: Stock Issue and Book Value, The Corporation: Subscriptions and Treasury Stock, The Corporation: Retained Earnings, The Corporation: Issuing Bonds, The Corporation: Redemption of Bonds, Manufacturing Accounting: Accounts and Statements, Manufacturing Accounting: Worksheets and Joint and By-Products, Cost Systems: Job Order, Cost Systems: Process, Budgets: Income Statement, Budgets: Balance Sheet and Standard Costs, Financial Statement Analysis: Horizontal and Vertical, Financial Statement Analysis: Ratios, Appendix: Statement of Cash Flows, Index. | ||
| 700 | 1 |
_aCashin James A _9892 |
|
| 700 | 1 |
_aLerner Joel J _9893 |
|
| 942 | _cBK | ||
| 999 |
_c655 _d655 |
||